Stone voices : (Record no. 25441)

MARC details
000 -LEADER
campo de control de longitud fija 01199cam a2200349Ma 4500
001 - NÚMERO DE CONTROL
campo de control 78820
005 - FECHA Y HORA DE LA ÚLTIMA TRANSACCIÓN
campo de control 20230410103752.0
008 - DATOS DE LONGITUD FIJA--INFORMACIÓN GENERAL
campo de control de longitud fija 030702r20032002nyuab b 001 0 eng d
010 ## - NÚMERO DE CONTROL DE LA BIBLIOTECA DEL CONGRESO
Número de control de LC 2002191945
035 ## - NÚMERO DE CONTROL DEL SISTEMA
Número de control de sistema (OCoLC)ocn229269948
040 ## - FUENTE DE CATALOGACIÓN
Centro catalogador/agencia de origen AXH
Centro/agencia transcriptor AXH
020 ## - NÚMERO INTERNACIONAL ESTÁNDAR DEL LIBRO
Número Internacional Estándar del Libro 0809084910 (hc)
020 ## - NÚMERO INTERNACIONAL ESTÁNDAR DEL LIBRO
Número Internacional Estándar del Libro 9780809084913 (hc)
035 ## - NÚMERO DE CONTROL DEL SISTEMA
Número de control de sistema (OCoLC)229269948
049 ## - FONDOS LOCALES (OCLC)
Biblioteca depositaria GRAL
050 14 - SIGNATURA TOPOGRÁFICA DE LA BIBLIOTECA DEL CONGRESO
Número de clasificación 322 DA 772
Número de ítem A813s 2003
100 1# - ENTRADA PRINCIPAL--NOMBRE DE PERSONA
Nombre de persona Ascherson, Neal.
245 10 - MENCIÓN DEL TÍTULO
Título Stone voices :
Resto del título the search for Scotland /
Mención de responsabilidad, etc. Neal Ascherson.
246 3# - FORMA VARIANTE DEL TITULO
Título propio/Titulo breve Search for Scotland
250 ## - MENCION DE EDICION
Mención de edición 1st American ed.
260 ## - PUBLICACIÓN, DISTRIBUCIÓN, ETC.
Lugar de publicación, distribución, etc. New York :
Nombre del editor, distribuidor, etc. Hill and Wang,
Fecha de publicación, distribución, etc. 2003 c2002
300 ## - DESCRIPCIÓN FÍSICA
Extensión vii, 326 p.:
Otras características físicas ill. maps.;
Dimensiones 23cm.
500 ## - NOTA GENERAL
Nota general Originally published: London : Granta Books, 2002.
504 ## - NOTA DE BIBLIOGRAFÍA, ETC.
Nota de bibliografía, etc. Includes bibliographical references( p. [307]- 312) and index.
651 #0 - PUNTO DE ACCESO ADICIONAL DE MATERIA--NOMBRE GEOGRÁFICO
Nombre geográfico Scotland
Subdivisión general Civilization.
650 #0 - PUNTO DE ACCESO ADICIONAL DE MATERIA--TÉRMINO DE MATERIA
Término de materia o nombre geográfico como elemento de entrada National characteristics, Scottish.
856 42 - LOCALIZACIÓN Y ACCESO ELECTRÓNICOS
Materiales especificados Contributor biographical information
Identificador Uniforme de Recursos <a href="http://www.loc.gov/catdir/bios/hol052/2002191945.html">http://www.loc.gov/catdir/bios/hol052/2002191945.html</a>
856 42 - LOCALIZACIÓN Y ACCESO ELECTRÓNICOS
Materiales especificados Publisher description
Identificador Uniforme de Recursos <a href="http://www.loc.gov/catdir/description/hol031/2002191945.html">http://www.loc.gov/catdir/description/hol031/2002191945.html</a>
942 ## - ELEMENTOS DE ENTRADA SECUNDARIOS (KOHA)
Fuente del sistema de clasificación o colocación Clasificación de Library of Congress
Tipo de ítem Koha
994 ## -
-- C0
-- DRFGD
946 ## - PROCESAMIENTO DE INFORMACIÓN LOCAL (OCLC)
a LD
Holdings
Estatus retirado Estado de pérdida Fuente del sistema de clasificación o colocación Estado de daño No para préstamo Colección Biblioteca de origen Biblioteca actual Ubicación en estantería Fecha de adquisición Serial enumeration / chronology Signatura topográfica completa Código de barras Visto por última vez Copia número Tipo de ítem Koha
    Clasificación de Library of Congress     Recursos Regionales Biblioteca Juan Bosch Biblioteca Juan Bosch Recursos Regionales (2do. Piso) 10/04/2023 1 322 DA 772 A813s 2003 00000068021 23/10/2018 1